100 Biggest Cities of Myanmar on a Map - Statistics

General Stats
  • This quiz has been taken 133 times
  • The average score is 15 of 100
Answers on the Map
Answers color-coded by a green-red scale on the quiz's map according to % correct below.
 
Answer Stats
Population City % Correct
4,814,589 Yangon
99%
1,225,546 Mandalay
89%
333,506 Naypyidaw
85%
254,424 Bago
55%
253,734 Mawlamyine
48%
264,804 Taunggyi
45%
169,773 Pathein
44%
243,031 Myitkyina
41%
100,748 Sittwe
39%
174,335 Lashio
37%
115,141 Myeik
36%
134,861 Pyay
33%
207,489 Monywa
32%
80,117 Dawei
29%
94,038 Magway
29%
81,432 Sagaing
27%
130,506 Kale
25%
51,349 Loikaw
25%
108,589 Taungoo
25%
74,313 Muse
24%
113,155 Myawaddy
21%
75,141 Hpa-an
20%
57,797 Kalaw
20%
51,553 Tachileik
20%
111,522 Meiktila
19%
158,783 Pyin Oo Lwin
19%
34,430 Ye
17%
83,762 Hinthada
16%
44,289 Kengtung
16%
58,696 Bhamo
15%
87,708 Myingyan
15%
24,926 Hakha
13%
77,609 Mogoke
13%
25,960 Hmawbi
12%
36,139 Mrauk-U
12%
63,880 Phyu
12%
55,047 Thaton
12%
45,076 Chauk
11%
57,949 Kawthoung
11%
35,224 Kyaikto
11%
69,036 Shwebo
11%
39,930 Kyaukme
9%
41,482 Kyaukse
9%
90,842 Pakokku
9%
80,824 Amarapura
8%
60,123 Hpakant
8%
24,479 Kyaiklat
8%
39,559 Minbu
8%
52,514 Mudon
8%
58,698 Myaungmya
8%
48,528 Nyaung-U
8%
32,214 Pyawbwe
8%
88,000 Taikkyi
8%
41,683 Tatkon
8%
27,698 Yamethin
8%
40,078 Hlegu
7%
26,732 Katha
7%
42,950 Kawkareik
7%
24,963 Kutkai
7%
42,817 Kyaukpadaung
7%
31,174 Labutta
7%
24,792 Letpadan
7%
25,012 Mogaung
7%
52,487 Myede
7%
24,455 Nyaungdon
7%
59,244 Nyaunglebin
7%
29,434 Paung
7%
27,311 Payathonzu
7%
43,737 Tamu
7%
31,998 Tanai
7%
43,224 Bogale
5%
38,477 Daik-U
5%
23,352 Hopin
5%
23,435 Laukkaing
5%
24,234 Madaya
5%
43,111 Maubin
5%
49,128 Pyapon
5%
33,603 Tangyan
5%
46,023 Taungdwingyi
5%
57,208 Thanbyuzayat
5%
28,652 Toungup
5%
25,022 Kanbalu
4%
32,977 Kayan
4%
42,778 Kyauktan
4%
29,533 Lawksawk
4%
27,115 Panglong
4%
24,579 Shwegyin
4%
28,018 Thongwa
4%
32,558 Wundwin
4%
24,420 Yedashe
4%
45,120 Yenangyaung
4%
31,656 Kyauktaga
3%
33,290 Mohnyin
3%
25,455 Paungde
3%
23,966 Kyonpyaw
1%
32,915 Mawlamyinegyun
1%
30,269 Nanhkan
1%
23,792 Nansang
1%
35,815 Thayarwady
1%
43,092 Twantay
1%
No matching quizzes found
Score Distribution
Percent of People with Each Score
Percentile by Number Answered
Your Score History
You have not taken this quiz